Türkiye'yi kemiren ihanet Allah ile aldatmak (Record no. 1520)

MARC details
000 -BAŞLIK
Sabit Uzunlukta Kontrol Alanı 00654na a2200241 4500
001 - KONTROL NUMARASI
Denetim Alanı 12790
003 - KONTROL NUMARASI IDENTIFIER
Denetim Alanı MIRAKIL
005 - SON İŞLEM TARİHİ VE ZAMANI
Denetim Alanı 20181213154825.0
008 - SABİT-BOY VERİ ELEMANLARI - GENEL BİLGİLER
Sabit Uzunlukta Kontrol Alanı 160831b tu 000 0
020 ## - ULUSLARARASI STANDART KİTAP NUMARASI
Uluslararası Standart Kitap Numarası 9789756779484
035 ## - SİSTEM KONTROL NUMARASI
Sistem Kontrol Numarası 12790
040 ## - KATALOGLAMA KAYNAK
Orijinal Kataloglama Ajansı Milas
Kataloglama Dili tur
Metne Dönüştürmek Ajansı TR-AnCHP
082 ## - DEWEY ONLU SINIFLANDIRMA NUMARASI
Sınıflandırma Numarası 297.197
Ürün Numarası Ö97t 2008
090 ## - SINIFLAMA NUMARASI
Sınıflama Numarası 297.197 Ö97t 2008
100 ## - ANA GİRİŞ - KİŞİSEL İSİM
Kişisel Ad Öztürk, Yaşar Nuri
245 ## - BAŞLIK TABLOSU
Başlık Türkiye'yi kemiren ihanet Allah ile aldatmak
Sorumluluk Tablosu, Vb Yaşar Nuri Öztürk
250 ## - EDITION TABLOSU
Baskı Beyanı 43. bs.
260 ## - YAYIN, DAĞITIM, VB
Yayın, Dağıtım, Vb Yeri İstanbul
Yayıncı, Dağıtıcı, Vs Adı Yeni Boyut
Yayın, Dağıtım, Vb Tarihi 2008
300 ## - FİZİKSEL TANIM
Kapsam 398 s.
Boyutlar 21 sm.
504 ## - KAYNAKÇA VB NOT
Kaynakça Vb Notu Dizin var.
650 ## - KONU KATMA GİRİŞ - TOPİKAL DÖNEM
Topikal Süreli Veya Coğrafi Ad Giriş Elemanı İslam dini
Genel Alt Bölümü Siyaset
Coğrafi Alt Bölümü Türkiye
942 ## - EKLENDİ GİRİŞ ELEMANLARI (KOHA)
Sınıflandırma Veya Raf Düzeni Kaynak
Koha Öğesi Türü Books
999 ## - SİSTEM KONTROL NUMARALARI (KOHA)
Koha Biblionumber 1520
Koha Biblioitemnumber 1520
Holdings
Kalıcı Konum Mevcut Konum Edinme Tarihi Edinim Kaynak Toplam Check-Out'Lar Tam Çağrı Numarası Barkod Kontrol Edildi Tarih Son Görülme Tarihi Geçen Teslim İtibaren Geçerli Fiyatlar Koha Öğesi Türü
CHP Kütüphanesi CHP Kütüphanesi 08/02/2016 Bağış 1 297.197 Ö97t 2008 000338 02/01/2022 01/11/2022 01/11/2022 08/02/2016 Books